书目信息 |
| 题名: |
龙虫并雕斋文集
|
|
| 作者: | 王力 著 | |
| 分册: | 第一册 | |
| 出版信息: | 北京 中华书局 1980 |
|
| 页数: | 488页 | |
| 开本: | 21cm | |
| 丛书名: | ||
| 单 册: | ||
| 中图分类: | H1-53 , H1 | |
| 科图分类: | ||
| 主题词: | 汉语--研究--文集 | |
| 电子资源: | ||
| ISBN: | ||
| 000 | 00608nam0 2200229 450 | |
| 001 | 1537143695 | |
| 005 | 20150124101955.54 | |
| 010 | @dCNY2.90 | |
| 091 | @a10018.505@d¥1.80 | |
| 100 | @a19950602d1980 kemy0chiy0110 ea | |
| 101 | 0 | @achi |
| 102 | @aCN@b110000 | |
| 105 | @ay z 000yy | |
| 200 | 1 | @a龙虫并雕斋文集@9long chong bing diao zhai wen ji@h第一册@f王力著 |
| 210 | @a北京@c中华书局@d1980 | |
| 215 | @a488页@d21cm | |
| 606 | 0 | @a汉语@x研究@x文集 |
| 690 | @aH1-53@v5 | |
| 690 | @aH1@v4 | |
| 701 | 0 | @a王力@9wang li@f(1900~1986)@4著 |
| 801 | 0 | @aCN@bTSSF@c20150124 |
| 905 | @aZUCC@dH1@eJY52:1 | |
| 龙虫并雕斋文集.第一册/王力著.-北京:中华书局,1980 |
| 488页;21cm |
| ISBN :CNY2.90 |
| ● |
| 相关链接 |
|
|
|
|
正题名:龙虫并雕斋文集
索取号:H1/JY52:1
 
预约/预借
| 序号 | 登录号 | 条形码 | 馆藏地/架位号 | 状态 | 备注 |
| 1 | 7842776 | 278427766 | 学院路分馆/ [索取号:H1/JY52:1] | 在馆 |